000
00209nam a2200085Ia 4500
008
170617s9999 xx 000 0 und d
100
_a
Stanbury- P.F
245
0
_a
Pricnipal of Fermention Technology
260
_b
Elesvir Pub
260
_c
2008
999
_c
15348
_d
15348